000 00329nam a22001457a 4500
008 210308b ||||| |||| 00| 0 eng d
020 _a9780205850259
041 _aeng
080 _23rd
_a82
082 _a82
100 _a21
101 _aGJL
245 _aWriting for Life Pragraps and Essays
_cHenry, D.J
942 _2udc
_cBK
999 _c55904
_d55904